Formuvannja interaktyvnogo spilkuvannja v konteksti kompetentnisnogo navčannja

Salvato in:
Dettagli Bibliografici
Autore principale: Dubrovina, Nadiya, 1972-
Altri autori: Dubrovina, Vira, Péliová, Jana, 1976-
Natura: Capitolo di libro
Lingua:ucraino
Soggetti:
Tags: Aggiungi Tag
Nessun Tag, puoi essere il primo ad aggiungerne!!

MARC

LEADER 00000naa$a2200000$$$4500
001 0252614
005 20240522074101.6
041 0 |a ukr 
044 |a SK 
245 1 0 |a Formuvannja interaktyvnogo spilkuvannja v konteksti kompetentnisnogo navčannja  |c Nadiya Dubrovina, Vira Dubrovina, Jana Péliová 
610 2 0 |a technológie informačné 
610 2 0 |a technológie komunikačné 
610 2 0 |a počítače 
610 2 0 |a vzdelávanie elektronické 
610 2 0 |a kompetencie 
610 2 0 |a hry 
100 1 |a Dubrovina, Nadiya, 1972- 
700 1 |a Dubrovina, Vira 
700 1 |a Péliová, Jana, 1976-